00607cam a22002177a 4500003000500000005001700005008004100022010001000063011001000073035001000083040000900093082001600102100002800118245005300146260004700199300002900246490002400275650002800299650003800327830002400365CHAP20220329134630.0971013s1976 r 00010 d a23303 a24275 a28374 cCHAP a632.954bC400aChavasse, C.G.R.ecomp.14aThe use of herbicides in forestry in New Zealand a(s.l.) :bForest Research Institute,c1976 a374 p.b: ilus. ; gráf 0aFRI Symposiumv; 1814aMalas hierbasxControl.14aVíveros forestalesxHerbicidas.0 aFRI Symposiumv; 18